000 00593nam a2200121Ia 4500
008 171212s9999 xx 000 0 und d
020 _a9781921313837
245 _ceditor Troy, Patrick
_aTroubled Waters
_bConfronting the Water Crisis in Australia's Cities
260 _bANU E Press
_c2008
650 _aAquatic Sciences
650 _aWater consumption -- Australia; Water conservation -- Australia; Water resources development -- Australia Dwellings -- Australia -- Energy consumption; Climatic changes -- Environmental aspects -- Australia
856 _uwww.jstor.org/stable/10.2307/j.ctt24hdqv
999 _c351408
_d351408